Výzvy pre manažérstvo ľudských zdrojov v súvislosti s priemyslom 4.0 vo vzdelávaní
História konceptu Priemysel 4.0. Základné princípy Priemyslu 4.0. Oblasť manažérstva ľudských zdrojov v koncepte Priemyslu 4.0. Tvorba stratégií manažérstva talentov. Výzvy pre pracovnú silu pre Priemysel 4.0.
Gespeichert in:
| 1. Verfasser: | |
|---|---|
| Weitere Verfasser: | |
| Format: | Buchkapitel |
| Sprache: | Slowakisch |
| Schlagworte: | |
| Tags: |
Keine Tags, Fügen Sie das erste Tag hinzu!
|
MARC
| LEADER | 00000naa a2200000 4500 | ||
|---|---|---|---|
| 001 | 0256791 | ||
| 005 | 20220718112105.1 | ||
| 041 | 0 | |a slo | |
| 044 | |a SK | ||
| 245 | 1 | 0 | |a Výzvy pre manažérstvo ľudských zdrojov v súvislosti s priemyslom 4.0 vo vzdelávaní |c Andrea Sütöová, Katarína Teplická |
| 520 | |a História konceptu Priemysel 4.0. Základné princípy Priemyslu 4.0. Oblasť manažérstva ľudských zdrojov v koncepte Priemyslu 4.0. Tvorba stratégií manažérstva talentov. Výzvy pre pracovnú silu pre Priemysel 4.0. | ||
| 610 | 2 | 0 | |a priemysel 4.0 |
| 610 | 2 | 0 | |a zdroje ľudské |
| 610 | 2 | 0 | |a vzdelávanie |
| 610 | 2 | 0 | |a sily pracovné |
| 610 | 2 | 0 | |a manažerizmus |
| 100 | 1 | |a Sütöová, Andrea | |
| 700 | 1 | |a Teplická, Katarína | |